01504nam a22003617a 4500003000500000005001700005008004100022010001000063011001000073035001000083040000900093090001000102100003400112245011000146260004300256300002000299502010500319590003700424590004100461590004100502590004100543590004200584650005200626650004900678650003700727901000700764942000900771949004300780949004800823999001700871952012600888952012801014CHAP20220329140540.0971013s1986 r 00010 d a53724 a54696 a58847 cCHAP aTesis00aRuiz Ledesma, Javier.9100710 aMonopolios transnacionales y progreso científico técnicob: la producción de hortalizas en el Bajio aChapingo, Méx. :bEl autor,c(1986?) a111 p.b: ilus. aTesis (M. C. Esp. en Economía del Desarrollo Rural) -- UACH. Departamento de Economía Agrícola aALEPHb10c20130110lUCH01h1331 aBATCH-UPDb10c20130110lUCH01h0728 aBATCH-UPDb10c20130410lUCH01h0411 aBATCH-UPDb10c20130914lUCH01h1302 aCONVERSIONb10c20130109lUCH01h132914aAgriculturaxInnovaciones tecnológicas.9156514aEmpresas comerciales internacionales.93665314aHorticulturaxGuanajuato.956336 aBK cFOLL bBCcTESd-127533eTS1h19286i58847si bBCcTESd-127534eTS2fc.2h19905i58847si c53724d53724 00102local4053708TESISaBCbBCcPA_TESISd2019-12-31fTESISl0p-127534r2019-12-31 00:00:00tc.2w2019-12-31yTESIS 00102local4051708TESISaBCbBCcPA_TESISd2019-12-31fTESISl0oTesisp-127533r2019-12-31 00:00:00w2019-12-31yTESIS